01778nam a2200313Ia 450000100060000000300090000600800410001504000130005604000130006904100130008210000220009510000290011724500330014624500330017925000110021226000110022326000230023426000490025730000420030650007700034865000220111865000310114094200070117195700060117899900170118499900070120199900060120895202500121415327IT-RoPAU130308s9999 xx 000 0 und d aIT-RoPAU cIT-RoPAU aITALIANO aGhilardi Fernando gCodice Aut. SPICS: 6130 aStoria del teatro (2 volumi) bStoria del Teatro (2 Volumi) a1a ed. aMILANO bVallardi Francesco c1961 [1° Ed.:1961 - Ed.Ling.Originale:1961] a"932 p. (prefazione: 46; testo: 886)" aUomini e dei dell'antica Grecia Tecnica e Vita Teatrale Eschilo Sofocle Euripide Aristofane Menandro Genio comico dei romani Andronico Nevio Plauto Terenzio Teatro Cristiano commedia dell'arte Poesia e Tragedia in Shakespeare Italia Patria del melodramma Festività della scena spagnola Miti ed Eroi del Popolo Tedesco Problemi Morali e di Stile in Italia Nuovo Teatro del nord Poeti e tecnici nel dramma Russo Problema dell'uomo nel dramma Franceseinghilterra Fra Shaw ed Eliot Teatro del Novecento proposte del Teatro Italiano Lirismo Dannunziano Illusione di Pirandello Simbolismo ed Espressionismo Tedesco Anima spagnola di Garcia Lorca Poesia e Dollari a Broadway Lirismo dell'India Stilizzazione del dramma Cinese Teatro No e Kabuki in Giappone Bibliografia aSTORIA DEL TEATRO eCodice materia Spics: 8408 cBK 71 c76480d76480 bSI g1 001040615327_00000000000000071aSPICSbSPICSd2013-03-08l0o15327r2013-03-08 00:00:00w2013-03-08yBKzProgressivo inserimento: 55356 / N. Volumi: 2 Copie: 1 Copia Rara: SI / data import: 1 marzo 2013 - By Epidotti, Trombetti, Vaglietti.